000 00427nam a2200133 4500
999 _c14185
_d14185
008 190904b ||||| |||| 00| 0 eng d
082 _aDPer 050 T48 Apr-June 2016 v. 187 n. 12-24
100 _939311
_aBegley, Sarah.
245 _aNight of a thousand stars/
_cSarah Begley.
260 _aHong Kong:
_bTime Asia,
_cc2016.
300 _av187 n20, page 18:
_billustrations;
_c27 cm.
650 _aAstronomy
_939836
942 _2ddc
_cPER